[Event "GBR-ch87"]
[Site "Millfield"]
[Date "2000.08.08"]
[Round "8.27"]
[White "Collins, Sam IRL"]
[Black "Buckley, Melanie"]
[Result "1/2-1/2"]
[WhiteElo "2172"]
[BlackElo "2124"]
[PlyCount "42"]
[EventDate "2000.07.31"]
[EventType "swiss"]
[EventRounds "11"]
[EventCountry "GBR"]
[SourceTitle "BritBase"]
[SourceDate "2008.07.14"]
[SourceVersion "1"]
[SourceVersionDate "2008.07.14"]
[SourceQuality "2"]

1. e4 e6 2. d4 d5 3. e5 c5 4. c3 Nc6 5. Nf3 Qb6 6. a3 c4 7. Be2 Na5 8. Nbd2 Bd7
9. O-O Ne7 10. Ng5 h6 11. Nh3 Nc8 12. Nf4 g6 13. Qc2 Rg8 14. Re1 Qc7 15. Bf3
Nb6 16. Nf1 O-O-O 17. Ne3 Ba4 18. Qe2 h5 19. Rb1 Nb3 20. h4 Be7 21. g3 Rh8
1/2-1/2

[Event "GBR-ch87"]
[Site "Millfield"]
[Date "2000.08.08"]
[Round "8.29"]
[White "Homer, Stephen"]
[Black "Binks, Michael E"]
[Result "1/2-1/2"]
[WhiteElo "2030"]
[BlackElo "2155"]
[PlyCount "118"]
[EventDate "2000.07.31"]
[EventType "swiss"]
[EventRounds "11"]
[EventCountry "GBR"]
[SourceTitle "BritBase"]
[SourceDate "2008.07.14"]
[SourceVersion "1"]
[SourceVersionDate "2008.07.14"]
[SourceQuality "2"]

1. e4 e6 2. d4 d5 3. Nc3 Bb4 4. e5 Qd7 5. Bd2 b6 6. a3 Bf8 7. f4 Ba6 8. Bxa6
Nxa6 9. Nf3 c5 10. O-O Ne7 11. Ne2 cxd4 12. b4 Nc7 13. Nexd4 Nb5 14. Ne2 h5 15.
a4 Nc7 16. Nfd4 Nf5 17. Nxf5 exf5 18. Nd4 g6 19. Rf3 Ne6 20. Rd3 Rc8 21. c3 Be7
22. Be3 O-O 23. a5 bxa5 24. Rxa5 Ra8 25. Nb3 Rfd8 26. Raxd5 Qa4 27. Na5 Qxd1+
28. Rxd1 Rxd5 29. Rxd5 Rc8 30. Rd3 Bd8 31. g3 Bxa5 32. bxa5 Nc5 33. Rd5 Ne4 34.
Bxa7 Rxc3 35. Rd8+ Kh7 36. e6 fxe6 37. Bd4 Rc1+ 38. Kg2 g5 39. Rh8+ Kg6 40.
Rg8+ Kf7 41. Rg7+ Kf8 42. fxg5 Rc2+ 43. Kf3 Nd2+ 44. Ke2 Nb3+ 45. Kd3 Nxd4 46.
Rd7 Ra2 47. Rxd4 Rxa5 48. Rh4 Kg7 49. Rxh5 e5 50. Rh6 Ra2 51. Ke3 Ra3+ 52. Kf2
Ra2+ 53. Kf1 Ra1+ 54. Kg2 Ra2+ 55. Kh3 Rf2 56. Re6 Re2 57. g6 Kh6 58. Ra6 Rf2
59. Re6 Re2 1/2-1/2

[Event "GBR-ch87"]
[Site "Millfield"]
[Date "2000.08.08"]
[Round "8.30"]
[White "Pleasants, Allan"]
[Black "Aarthie, Ramaswamy"]
[Result "0-1"]
[WhiteElo "2040"]
[BlackElo "2319"]
[PlyCount "120"]
[EventDate "2000.07.31"]
[EventType "swiss"]
[EventRounds "11"]
[EventCountry "GBR"]
[SourceTitle "BritBase"]
[SourceDate "2008.07.14"]
[SourceVersion "1"]
[SourceVersionDate "2008.07.14"]
[SourceQuality "2"]

1. d4 Nf6 2. Nf3 g6 3. Bf4 Bg7 4. e3 O-O 5. c4 d6 6. Nc3 Nbd7 7. Be2 c6 8. h3
a6 9. O-O b5 10. Qc2 Bb7 11. Rfd1 bxc4 12. Bxc4 c5 13. Be2 cxd4 14. exd4 Nb6
15. Qd2 Nbd5 16. Nxd5 Bxd5 17. b3 Qb6 18. Rac1 a5 19. Bc4 Bxf3 20. gxf3 d5 21.
Bf1 Rac8 22. Rc3 Nh5 23. Bg5 Bf6 24. Be3 Ng7 25. Rc5 e6 26. Rdc1 Rxc5 27. dxc5
Qc6 28. Qxa5 d4 29. Bd2 Qxf3 30. Bg2 Qf5 31. c6 e5 32. c7 Bh4 33. Be1 d3 34.
Qd5 Nh5 35. Qe4 d2 36. Rd1 dxe1=Q+ 37. Qxe1 Nf4 38. Qe3 Qg5 39. Qf3 e4 40. Qg4
Qxg4 41. hxg4 Nxg2 42. Kxg2 Rc8 43. Rc1 Be7 44. Rc6 Kf8 45. b4 Ke8 46. b5 Kd7
47. Rc4 Rxc7 48. Rxe4 Rc2 49. a4 Rb2 50. Rf4 f6 51. Rd4+ Ke6 52. Rc4 Rb4 53.
Rc6+ Bd6 54. Ra6 Rxg4+ 55. Kf3 Rb4 56. b6 h5 57. a5 h4 58. Ra8 h3 59. a6 h2 60.
Rh8 Rxb6 0-1

[Event "GBR-ch87"]
[Site "Millfield"]
[Date "2000.08.08"]
[Round "8.31"]
[White "Freeman, Gordon"]
[Black "Hempson, Peter"]
[Result "1/2-1/2"]
[WhiteElo "2047"]
[BlackElo "2219"]
[PlyCount "58"]
[EventDate "2000.07.31"]
[EventType "swiss"]
[EventRounds "11"]
[EventCountry "GBR"]
[SourceTitle "BritBase"]
[SourceDate "2008.07.14"]
[SourceVersion "1"]
[SourceVersionDate "2008.07.14"]
[SourceQuality "2"]

1. e4 c5 2. Nc3 Nc6 3. g3 g6 4. Bg2 Bg7 5. d3 d6 6. f4 Rb8 7. Nf3 b5 8. O-O b4
9. Ne2 e6 10. g4 Nge7 11. Ng3 Nd4 12. f5 Qc7 13. Ng5 f6 14. Nxe6 Nxe6 15. fxe6
Bxe6 16. Bf4 Qd7 17. h3 O-O 18. Qd2 Nc6 19. Rf2 Rf7 20. Nf5 Bf8 21. Nh6+ Bxh6
22. Bxh6 Ne5 23. Raf1 Qe7 24. Be3 g5 25. Bf3 Nxf3+ 26. Rxf3 h6 27. Qf2 Kg7 28.
Qg3 Rd8 29. Qf2 Rc8 1/2-1/2

[Event "GBR-ch87"]
[Site "Millfield"]
[Date "2000.08.08"]
[Round "8.32"]
[White "Freeman, Richard CP"]
[Black "McDonnell, James"]
[Result "1/2-1/2"]
[WhiteElo "2025"]
[BlackElo "2050"]
[PlyCount "29"]
[EventDate "2000.07.31"]
[EventType "swiss"]
[EventRounds "11"]
[EventCountry "GBR"]
[SourceTitle "BritBase"]
[SourceDate "2008.07.14"]
[SourceVersion "1"]
[SourceVersionDate "2008.07.14"]
[SourceQuality "2"]

1. d4 d5 2. Bg5 h6 3. Bh4 c6 4. Nf3 Qb6 5. b3 Bf5 6. e3 Nd7 7. Bd3 Bxd3 8. Qxd3
e6 9. O-O Be7 10. Bxe7 Nxe7 11. c4 O-O 12. c5 Qc7 13. Nbd2 e5 14. Nxe5 Nxe5 15.
dxe5 1/2-1/2

[Event "GBR-ch87"]
[Site "Millfield"]
[Date "2000.08.08"]
[Round "8.33"]
[White "Orton, Stephen"]
[Black "Obiamiwe, Paul"]
[Result "1/2-1/2"]
[WhiteElo "2045"]
[BlackElo "2065"]
[PlyCount "71"]
[EventDate "2000.07.31"]
[EventType "swiss"]
[EventRounds "11"]
[EventCountry "GBR"]
[SourceTitle "BritBase"]
[SourceDate "2008.07.14"]
[SourceVersion "1"]
[SourceVersionDate "2008.07.14"]
[SourceQuality "2"]

1. e4 c5 2. Nf3 d6 3. d4 cxd4 4. Nxd4 Nf6 5. Nc3 a6 6. Bc4 e6 7. O-O Qc7 8. Qe2
Be7 9. a4 O-O 10. Be3 b6 11. Rad1 Nc6 12. Kh1 Ne5 13. Bb3 Bb7 14. Bc1 Rac8 15.
f3 Nc4 16. g4 Rfe8 17. h4 d5 18. Bxc4 dxc4 19. Qg2 Red8 20. Be3 Ne8 21. g5 g6
22. Qg4 Ng7 23. Nde2 Nh5 24. Nf4 Nxf4 25. Bxf4 Qc5 26. h5 b5 27. hxg6 hxg6 28.
Kg2 Bf8 29. axb5 axb5 30. Qg3 Bg7 31. Bd6 Rxd6 32. Qxd6 Qxg5+ 33. Qg3 Qc5 34.
Qd6 Qg5+ 35. Qg3 Qc5 36. Qd6 1/2-1/2

[Event "GBR-ch87"]
[Site "Millfield"]
[Date "2000.08.08"]
[Round "8.34"]
[White "Howell, David W"]
[Black "Hebbes, Tim"]
[Result "0-1"]
[WhiteElo "2020"]
[BlackElo "2121"]
[PlyCount "74"]
[EventDate "2000.07.31"]
[EventType "swiss"]
[EventRounds "11"]
[EventCountry "GBR"]
[SourceTitle "BritBase"]
[SourceDate "2008.07.14"]
[SourceVersion "1"]
[SourceVersionDate "2008.07.14"]
[SourceQuality "2"]

1. e4 e6 2. d4 d5 3. Nc3 dxe4 4. Nxe4 Be7 5. Nf3 Nf6 6. Bd3 Nbd7 7. Qe2 c5 8.
Bf4 cxd4 9. O-O-O O-O 10. h4 Nd5 11. Bg5 f6 12. Bd2 e5 13. Neg5 fxg5 14. hxg5
g6 15. Bxg6 hxg6 16. Qe4 Rf5 17. Qxd5+ Kg7 18. g4 Rxf3 19. Qxf3 Qg8 20. Kb1 Nb6
21. Qe4 Qd5 22. Rde1 Qxe4 23. Rxe4 Nc4 24. Bc1 Bd7 25. Ree1 Bb4 26. Reg1 Bc6
27. Rh6 Rf8 28. Rh2 Nd2+ 29. Bxd2 Bxd2 30. Rd1 Bxg5 31. c3 d3 32. Ka1 d2 33.
Rh3 Bf3 34. Rxf3 Rxf3 35. Kb1 Rxf2 36. Kc2 e4 37. Rh1 e3 0-1

[Event "GBR-ch87"]
[Site "Millfield"]
[Date "2000.08.09"]
[Round "9.2"]
[White "Chandler, Murray G"]
[Black "Hodgson, Julian"]
[Result "0-1"]
[WhiteElo "2526"]
[BlackElo "2640"]
[PlyCount "56"]
[EventDate "2000.07.31"]
[EventType "swiss"]
[EventRounds "11"]
[EventCountry "GBR"]
[SourceTitle "BritBase"]
[SourceDate "2008.07.14"]
[SourceVersion "1"]
[SourceVersionDate "2008.07.14"]
[SourceQuality "2"]

1. e4 g6 2. d4 Bg7 3. Nc3 c6 4. Bc4 d6 5. Qf3 e6 6. Nge2 b5 7. Bb3 a5 8. a3 Ba6
9. O-O Nd7 10. Bf4 Qe7 11. e5 d5 12. Qe3 f6 13. Rfe1 fxe5 14. dxe5 Qf7 15. Nxd5
cxd5 16. Bxd5 exd5 17. e6 Qe7 18. exd7+ Kf7 19. Qh3 Nf6 20. Nd4 Qxd7 21. Re6
Ne4 22. Re1 Rad8 23. Qf3 Bxd4 24. Rxa6 Bxf2+ 25. Kh1 Rhf8 26. Rxe4 dxe4 27.
Qxf2 Qd1+ 28. Qg1 Kg8 0-1

[Event "GBR-ch87"]
[Site "Millfield"]
[Date "2000.08.09"]
[Round "9.4"]
[White "Hebden, Mark"]
[Black "Crouch, Colin"]
[Result "1/2-1/2"]
[WhiteElo "2505"]
[BlackElo "2448"]
[PlyCount "81"]
[EventDate "2000.07.31"]
[EventType "swiss"]
[EventRounds "11"]
[EventCountry "GBR"]
[SourceTitle "BritBase"]
[SourceDate "2008.07.14"]
[SourceVersion "1"]
[SourceVersionDate "2008.07.14"]
[SourceQuality "2"]

1. d4 Nf6 2. Nf3 b6 3. Bg5 Bb7 4. Nbd2 c5 5. c3 e6 6. e3 Be7 7. Bd3 Nc6 8. a3
d5 9. O-O Nd7 10. Bxe7 Qxe7 11. Re1 O-O 12. Rc1 Rad8 13. b4 a5 14. bxc5 bxc5
15. Rb1 Ba8 16. a4 c4 17. Bc2 f5 18. Rb5 Rb8 19. Qa1 Bb7 20. Reb1 Ba6 21. Rxb8
Rxb8 22. Rxb8+ Ncxb8 23. h4 Nc6 24. Nf1 Nf6 25. Ng3 Bc8 26. Ne2 Bd7 27. Nf4 Be8
28. Qb2 Nh5 29. Nxh5 Bxh5 30. Ne5 Nxe5 31. Qb8+ Be8 32. dxe5 Kf7 33. Bd1 Qa3
34. Bh5+ g6 35. Bf3 Qxc3 36. Qc7+ Kg8 37. Qd6 Bf7 38. Qd8+ Kg7 39. Qf6+ Kg8 40.
Qd8+ Kg7 41. Qf6+ 1/2-1/2

[Event "GBR-ch87"]
[Site "Millfield"]
[Date "2000.08.09"]
[Round "9.5"]
[White "Summerscale, Aaron"]
[Black "Hunt, Harriet"]
[Result "1/2-1/2"]
[WhiteElo "2459"]
[BlackElo "2454"]
[PlyCount "57"]
[EventDate "2000.07.31"]
[EventType "swiss"]
[EventRounds "11"]
[EventCountry "GBR"]
[SourceTitle "BritBase"]
[SourceDate "2008.07.14"]
[SourceVersion "1"]
[SourceVersionDate "2008.07.14"]
[SourceQuality "2"]

1. Nf3 Nf6 2. c4 e6 3. Nc3 Bb4 4. g3 c5 5. Qc2 b6 6. Bg2 Bb7 7. O-O O-O 8. a3
Bxc3 9. Qxc3 d6 10. b4 Qe7 11. Bb2 Nbd7 12. d4 Rfc8 13. Rac1 a5 14. dxc5 bxc5
15. b5 Nb6 16. Qe3 Ne8 17. Rfd1 Rd8 18. h4 e5 19. h5 h6 20. Nh4 Bxg2 21. Kxg2
Qe6 22. Qe4 Nf6 23. Qf5 a4 24. Rc2 Rd7 25. f4 Ng4 26. Kf3 Nh2+ 27. Kg2 Ng4 28.
Kf3 Nh2+ 29. Kg2 1/2-1/2

[Event "GBR-ch87"]
[Site "Millfield"]
[Date "2000.08.09"]
[Round "9.6"]
[White "Lalic, Bogdan"]
[Black "Webster, Andrew"]
[Result "1-0"]
[WhiteElo "2520"]
[BlackElo "2417"]
[PlyCount "59"]
[EventDate "2000.07.31"]
[EventType "swiss"]
[EventRounds "11"]
[EventCountry "GBR"]
[SourceTitle "BritBase"]
[SourceDate "2008.07.14"]
[SourceVersion "1"]
[SourceVersionDate "2008.07.14"]
[SourceQuality "2"]

1. d4 Nf6 2. c4 a6 3. Nc3 c5 4. e3 e6 5. Nf3 d5 6. dxc5 Bxc5 7. a3 O-O 8. Qc2
Nc6 9. b4 Bd6 10. Bb2 Qe7 11. Rd1 Rd8 12. cxd5 exd5 13. Be2 Bg4 14. Ng5 g6 15.
Bxg4 Nxg4 16. Nf3 d4 17. Nxd4 Bxh2 18. Qe2 Nxd4 19. Qxg4 f5 20. Qh3 f4 21. Rxh2
fxe3 22. fxe3 Nc2+ 23. Kf2 Rxd1 24. Nxd1 Rd8 25. Ke2 Qf7 26. Qh4 Qd7 27. Qc4+
Kf8 28. Qxc2 Qg4+ 29. Ke1 Qg3+ 30. Qf2+ 1-0

[Event "GBR-ch87"]
[Site "Millfield"]
[Date "2000.08.09"]
[Round "9.8"]
[White "Gormally, Daniel W"]
[Black "Crawley, Gavin"]
[Result "1-0"]
[WhiteElo "2499"]
[BlackElo "2401"]
[PlyCount "45"]
[EventDate "2000.07.31"]
[EventType "swiss"]
[EventRounds "11"]
[EventCountry "GBR"]
[SourceTitle "BritBase"]
[SourceDate "2008.07.14"]
[SourceVersion "1"]
[SourceVersionDate "2008.07.14"]
[SourceQuality "2"]

1. d4 Nf6 2. Nf3 e6 3. c4 b6 4. g3 Bb7 5. Bg2 Be7 6. O-O O-O 7. d5 exd5 8. Nh4
c6 9. Nf5 dxc4 10. e4 d5 11. Nc3 Nbd7 12. Bf4 Nc5 13. exd5 cxd5 14. Nxd5 Nxd5
15. Bxd5 Bxd5 16. Qxd5 Bf6 17. Bd6 Re8 18. Qxc4 Qc8 19. Qd5 Qe6 20. Qf3 Bxb2
21. Rae1 Qf6 22. Be7 Qg6 23. Bxc5 1-0

[Event "GBR-ch87"]
[Site "Millfield"]
[Date "2000.08.09"]
[Round "9.9"]
[White "Arkell, Keith"]
[Black "Williams, Simon K"]
[Result "1-0"]
[WhiteElo "2481"]
[BlackElo "2353"]
[PlyCount "117"]
[EventDate "2000.07.31"]
[EventType "swiss"]
[EventRounds "11"]
[EventCountry "GBR"]
[SourceTitle "BritBase"]
[SourceDate "2008.07.14"]
[SourceVersion "1"]
[SourceVersionDate "2008.07.14"]
[SourceQuality "2"]

1. d4 e6 2. Nf3 f5 3. g3 Nf6 4. Bg2 Be7 5. c4 O-O 6. O-O d6 7. Nc3 a5 8. Bg5 c6
9. Bxf6 Bxf6 10. e4 e5 11. dxe5 dxe5 12. Qxd8 Rxd8 13. Rad1 Rxd1 14. Rxd1 Na6
15. Bh3 g6 16. Na4 fxe4 17. Bxc8 Rxc8 18. Ne1 Rd8 19. Rxd8+ Bxd8 20. Kf1 Be7
21. Ke2 Nc5 22. Nc3 a4 23. h4 Bd8 24. Nc2 Ba5 25. Nd1 Kf7 26. Na1 Nd3 27. b3
Ke6 28. bxa4 Bb6 29. Nb3 Bd4 30. f3 Kd6 31. fxe4 Nc5 32. Nxd4 exd4 33. Nf2 Nxa4
34. Nd3 c5 35. Kf3 Nc3 36. e5+ Kc6 37. Kf4 Nxa2 38. e6 Nb4 39. Nxc5 Kd6 40.
Nxb7+ Kxe6 41. Ke4 Nc6 42. Nc5+ Kf6 43. Nb3 Ne5 44. Kxd4 Nxc4 45. Kxc4 Kf5 46.
Nd2 h5 47. Nf1 Ke4 48. Kc3 g5 49. hxg5 Kf5 50. Nh2 Kxg5 51. Kd3 h4 52. g4 Kf4
53. Ke2 Kg3 54. g5 Kxh2 55. g6 h3 56. g7 Kh1 57. g8=Q h2 58. Qd5+ Kg1 59. Kd1
1-0

[Event "GBR-ch87"]
[Site "Millfield"]
[Date "2000.08.09"]
[Round "9.11"]
[White "McFarland, Robert S"]
[Black "Wohl, Aleksandar"]
[Result "1/2-1/2"]
[WhiteElo "2267"]
[BlackElo "2461"]
[PlyCount "79"]
[EventDate "2000.07.31"]
[EventType "swiss"]
[EventRounds "11"]
[EventCountry "GBR"]
[SourceTitle "BritBase"]
[SourceDate "2008.07.14"]
[SourceVersion "1"]
[SourceVersionDate "2008.07.14"]
[SourceQuality "2"]

1. Nf3 d5 2. c4 dxc4 3. Na3 a6 4. Nxc4 b5 5. Ne3 Bb7 6. b3 Nf6 7. Bb2 e6 8. g3
Bxf3 9. exf3 Bc5 10. a4 bxa4 11. Rxa4 O-O 12. Qa1 Be7 13. Bc4 Nbd7 14. Rxa6
Rxa6 15. Qxa6 Nc5 16. Qb5 Qa8 17. Ke2 c6 18. Qb4 Nd5 19. Qa3 Qb7 20. Ra1 Nd3
21. Qa7 Qxa7 22. Rxa7 Nxb2 23. Bxd5 cxd5 24. Rxe7 Rb8 25. Rc7 h5 26. Nd1 Nxd1
27. Kxd1 Rxb3 28. Rc3 Rxc3 29. dxc3 Kf8 30. f4 Ke7 31. Kd2 Kd6 32. Kd3 Kc5 33.
h3 f6 34. h4 e5 35. fxe5 fxe5 36. f3 g6 37. Kd2 Kc4 38. Kc2 d4 39. cxd4 exd4
40. g4 1/2-1/2

[Event "GBR-ch87"]
[Site "Millfield"]
[Date "2000.08.09"]
[Round "9.12"]
[White "Simutowe, Amon"]
[Black "Kelly, Brian"]
[Result "0-1"]
[WhiteElo "2322"]
[BlackElo "2426"]
[PlyCount "110"]
[EventDate "2000.07.31"]
[EventType "swiss"]
[EventRounds "11"]
[EventCountry "GBR"]
[SourceTitle "BritBase"]
[SourceDate "2008.07.14"]
[SourceVersion "1"]
[SourceVersionDate "2008.07.14"]
[SourceQuality "2"]

1. c4 e6 2. d4 d5 3. Nc3 c6 4. Nf3 Nf6 5. cxd5 exd5 6. Bg5 Be7 7. Qc2 g6 8. e3
Bf5 9. Bd3 Bxd3 10. Qxd3 Nbd7 11. O-O O-O 12. Rab1 a5 13. h3 Re8 14. Bf4 Bf8
15. Rfc1 Ne4 16. Nd2 Nxd2 17. Qxd2 Nf6 18. a3 Nd7 19. Qd1 Re6 20. Qf3 Nb6 21.
Re1 Qf6 22. Bc7 Qxf3 23. gxf3 Nc4 24. Kg2 Rc8 25. Bg3 Rce8 26. a4 Bb4 27. Re2
Bxc3 28. bxc3 b6 29. h4 f5 30. Bf4 Kf7 31. Ra2 R6e7 32. Kf1 Rb7 33. Ke2 b5 34.
Kd3 Ree7 35. axb5 Rxb5 36. Rxb5 cxb5 37. Ra1 Re6 38. Rb1 Rb6 39. e4 Ke6 40. Bc1
fxe4+ 41. fxe4 dxe4+ 42. Kxe4 Nd6+ 43. Kd3 Kd5 44. Ba3 b4 45. cxb4 Nc4 46. Bc1
Rxb4 47. Rxb4 axb4 48. Bg5 Na5 49. Bd2 Nc6 50. f4 h5 51. f5 gxf5 52. Ke3 b3 53.
Bc3 Ne7 54. Kf4 Ke6 55. Kg5 f4 0-1

[Event "GBR-ch87"]
[Site "Millfield"]
[Date "2000.08.09"]
[Round "9.14"]
[White "Pert, Nicholas"]
[Black "Buckley, Simon"]
[Result "1-0"]
[WhiteElo "2455"]
[BlackElo "2237"]
[PlyCount "51"]
[EventDate "2000.07.31"]
[EventType "swiss"]
[EventRounds "11"]
[EventCountry "GBR"]
[SourceTitle "BritBase"]
[SourceDate "2008.07.14"]
[SourceVersion "1"]
[SourceVersionDate "2008.07.14"]
[SourceQuality "2"]

1. d4 Nf6 2. c4 g6 3. g3 Bg7 4. Bg2 O-O 5. Nc3 d6 6. e3 c6 7. Nge2 Bd7 8. O-O
Qc8 9. Re1 Bh3 10. Bh1 e5 11. b3 Re8 12. Ba3 Bf8 13. d5 c5 14. e4 Bh6 15. Nc1
Nh5 16. Nd3 Bg4 17. Bf3 Bxf3 18. Qxf3 Bd2 19. Nb5 Bxe1 20. Nxd6 Qd7 21. Nxe8
Bd2 22. Nf6+ Nxf6 23. Qxf6 Bc3 24. Nxc5 Qc7 25. Rc1 Bd4 26. Ne6 1-0

[Event "GBR-ch87"]
[Site "Millfield"]
[Date "2000.08.09"]
[Round "9.17"]
[White "Broomfield, Matthew"]
[Black "Evans-Quek, Suan"]
[Result "1-0"]
[WhiteElo "2192"]
[BlackElo "2261"]
[PlyCount "99"]
[EventDate "2000.07.31"]
[EventType "swiss"]
[EventRounds "11"]
[EventCountry "GBR"]
[SourceTitle "BritBase"]
[SourceDate "2008.07.14"]
[SourceVersion "1"]
[SourceVersionDate "2008.07.14"]
[SourceQuality "2"]

1. d4 d5 2. Nf3 Nf6 3. c4 dxc4 4. g3 Nc6 5. Qa4 Nd5 6. Qxc4 Bf5 7. Nbd2 e6 8.
a3 Be7 9. Bg2 O-O 10. b4 Nb6 11. Qc3 Na4 12. Qc4 Bf6 13. e3 a6 14. O-O Bg6 15.
Qb3 Nb6 16. Bb2 Qd5 17. Qd1 Qh5 18. Rc1 Rad8 19. Rc5 Qh6 20. Qb3 Be7 21. Rcc1
Rd7 22. Rxc6 bxc6 23. Ne5 Rd6 24. Nxc6 Bf6 25. Nc4 Rd7 26. N4e5 Bxe5 27. Nxe5
Rd6 28. Rc1 Nd5 29. e4 Nf6 30. f3 Ne8 31. f4 Nf6 32. Nxg6 Qxg6 33. e5 Rd7 34.
exf6 gxf6 35. Qc4 e5 36. Bc6 Rd6 37. dxe5 Rd2 38. Bc3 Rd3 39. Kg2 Rdd8 40. exf6
Qh5 41. Re1 Rd6 42. Bf3 Qf5 43. Qe4 Qxe4 44. Bxe4 Rfd8 45. Be5 Re6 46. Rc1 c6
47. Bf5 Ree8 48. Rxc6 Ra8 49. Bd3 a5 50. Bb5 1-0

[Event "GBR-ch87"]
[Site "Millfield"]
[Date "2000.08.09"]
[Round "9.18"]
[White "Mahesh Chandran, Panjanathan"]
[Black "Jackson, Oliver"]
[Result "1/2-1/2"]
[WhiteElo "2238"]
[BlackElo "2209"]
[PlyCount "113"]
[EventDate "2000.07.31"]
[EventType "swiss"]
[EventRounds "11"]
[EventCountry "GBR"]
[SourceTitle "BritBase"]
[SourceDate "2008.07.14"]
[SourceVersion "1"]
[SourceVersionDate "2008.07.14"]
[SourceQuality "2"]

1. e4 c5 2. Nf3 e6 3. d4 cxd4 4. Nxd4 a6 5. Bd3 Nf6 6. O-O Qc7 7. Qe2 d6 8. c4
g6 9. Nc3 Bg7 10. Rd1 O-O 11. Nf3 Nc6 12. Bf4 e5 13. Be3 Bg4 14. h3 Nd4 15.
Bxd4 exd4 16. Nd5 Nxd5 17. hxg4 Nf4 18. Qd2 Ne6 19. Rac1 a5 20. Bf1 Rfe8 21. g3
Qb6 22. b3 Nc5 23. Nxd4 Nxe4 24. Qd3 a4 25. Bg2 Nc5 26. Qd2 axb3 27. Nxb3 Ne4
28. Bxe4 Rxe4 29. Qxd6 Qxd6 30. Rxd6 Rxa2 31. Rd8+ Bf8 32. Rc3 Kg7 33. Rd7 Bb4
34. Rcd3 b6 35. Rb7 Rb2 36. c5 Be1 37. Rf3 Bxf2+ 38. Rxf2 Rxb3 39. Kh2 Rxg4 40.
Rfxf7+ Kh6 41. Rxh7+ Kg5 42. Rxb6 Rbxg3 43. Rb2 Rc3 44. Rg2 Rxc5 45. Ra7 Rcc4
46. Ra3 Rcf4 47. Kh3 Rxg2 48. Kxg2 Rg4+ 49. Kh3 Rg1 50. Kh2 Rf1 51. Kg3 Rf5 52.
Rb3 Kh5 53. Ra3 g5 54. Ra4 Rb5 55. Rc4 Rb3+ 56. Kg2 g4 57. Rc8 1/2-1/2

[Event "GBR-ch87"]
[Site "Millfield"]
[Date "2000.08.09"]
[Round "9.19"]
[White "Rudd, Jack"]
[Black "Simons, Martin"]
[Result "0-1"]
[WhiteElo "2176"]
[BlackElo "2226"]
[PlyCount "40"]
[EventDate "2000.07.31"]
[EventType "swiss"]
[EventRounds "11"]
[EventCountry "GBR"]
[SourceTitle "BritBase"]
[SourceDate "2008.07.14"]
[SourceVersion "1"]
[SourceVersionDate "2008.07.14"]
[SourceQuality "2"]

1. e4 d5 2. exd5 Nf6 3. c4 e6 4. dxe6 Bxe6 5. d4 Bb4+ 6. Bd2 Bxd2+ 7. Qxd2 Qe7
8. Qe2 Nc6 9. Nf3 O-O-O 10. d5 Rhe8 11. Kd1 Nxd5 12. cxd5 Bxd5 13. Nfd2 Qf6 14.
Qd3 Bxg2 15. Qg3 Bxh1 16. Nc3 Bf3+ 17. Kc1 Re1+ 18. Kc2 Nd4+ 19. Kd3 Nb3+ 20.
Kc2 Nxa1# 0-1

[Event "GBR-ch87"]
[Site "Millfield"]
[Date "2000.08.09"]
[Round "9.20"]
[White "Rayner, Francis"]
[Black "Spence, David J"]
[Result "1/2-1/2"]
[WhiteElo "2256"]
[BlackElo "2153"]
[PlyCount "25"]
[EventDate "2000.07.31"]
[EventType "swiss"]
[EventRounds "11"]
[EventCountry "GBR"]
[SourceTitle "BritBase"]
[SourceDate "2008.07.14"]
[SourceVersion "1"]
[SourceVersionDate "2008.07.14"]
[SourceQuality "2"]

1. c4 e5 2. Nc3 Bb4 3. Qc2 Nc6 4. e3 Nf6 5. Nf3 O-O 6. Nd5 a5 7. a3 Bc5 8. b3
d6 9. Ng5 g6 10. Nxf6+ Qxf6 11. Ne4 Qe7 12. Nxc5 dxc5 13. Bb2 1/2-1/2

[Event "GBR-ch87"]
[Site "Millfield"]
[Date "2000.08.09"]
[Round "9.21"]
[White "Stephenson, F Norman"]
[Black "Barton, R Alan"]
[Result "1-0"]
[WhiteElo "2241"]
[BlackElo "2145"]
[PlyCount "75"]
[EventDate "2000.07.31"]
[EventType "swiss"]
[EventRounds "11"]
[EventCountry "GBR"]
[SourceTitle "BritBase"]
[SourceDate "2008.07.14"]
[SourceVersion "1"]
[SourceVersionDate "2008.07.14"]
[SourceQuality "2"]

1. d4 d5 2. c4 e5 3. dxe5 d4 4. Nf3 Nc6 5. Nbd2 Be6 6. g3 Qd7 7. Bg2 Nge7 8.
O-O Ng6 9. Qa4 Be7 10. Nb3 O-O 11. Rd1 Rad8 12. Bg5 Bxg5 13. Nxg5 Ngxe5 14. Nc5
Qe7 15. Ngxe6 fxe6 16. Nxb7 Rxf2 17. Nxd8 Rxg2+ 18. Kxg2 Qxd8 19. Qc2 d3 20.
Rxd3 Qa8 21. Re3 Ng4 22. Qe4 Nxe3+ 23. Qxe3 Nd4+ 24. Kg1 c5 25. b4 Qc6 26. Rd1
Qa4 27. Rxd4 cxd4 28. Qxe6+ Kf8 29. Qd6+ Ke8 30. Kf2 a5 31. Qb8+ Kf7 32. Qa7+
Kg6 33. Qb6+ Kf7 34. Qxa5 Qd1 35. Qd5+ Kf8 36. b5 Qd2 37. Qe5 g6 38. Qf4+ 1-0

[Event "GBR-ch87"]
[Site "Millfield"]
[Date "2000.08.09"]
[Round "9.22"]
[White "Lilley, Graham"]
[Black "Morgan, Ben"]
[Result "1-0"]
[WhiteElo "2224"]
[BlackElo "2035"]
[PlyCount "77"]
[EventDate "2000.07.31"]
[EventType "swiss"]
[EventRounds "11"]
[EventCountry "GBR"]
[SourceTitle "BritBase"]
[SourceDate "2008.07.14"]
[SourceVersion "1"]
[SourceVersionDate "2008.07.14"]
[SourceQuality "2"]

1. d4 e6 2. c4 b6 3. Nc3 Bb7 4. Bd2 Bb4 5. Nf3 Nf6 6. e3 O-O 7. Bd3 d5 8. O-O
a6 9. Nxd5 Nxd5 10. cxd5 Bxd2 11. Nxd2 Bxd5 12. Qc2 h6 13. Rac1 Ra7 14. e4 Bc6
15. Nf3 Bb5 16. Bxb5 axb5 17. a3 Qd6 18. Rfd1 Nd7 19. d5 e5 20. Nh4 g6 21. Qd2
Kh7 22. Nf5 gxf5 23. Rc6 Nc5 24. Rxd6 cxd6 25. exf5 Nb3 26. Qd3 Nd4 27. f6+ Kh8
28. Rc1 Rg8 29. Qh3 Kh7 30. Rc8 Rg6 31. Qd3 h5 32. h4 Ra4 33. Rd8 Rc4 34. Rxd6
Rc1+ 35. Kh2 Rc2 36. Rd7 Re2 37. Rxf7+ Kh6 38. Rf8 Kh7 39. Rh8+ 1-0

[Event "GBR-ch87"]
[Site "Millfield"]
[Date "2000.08.09"]
[Round "9.23"]
[White "Kemp, Peter D"]
[Black "D'Costa, Lorin"]
[Result "1-0"]
[WhiteElo "2214"]
[BlackElo "2157"]
[PlyCount "55"]
[EventDate "2000.07.31"]
[EventType "swiss"]
[EventRounds "11"]
[EventCountry "GBR"]
[SourceTitle "BritBase"]
[SourceDate "2008.07.14"]
[SourceVersion "1"]
[SourceVersionDate "2008.07.14"]
[SourceQuality "2"]

1. d4 Nf6 2. c4 e6 3. Nf3 b6 4. Nc3 Bb4 5. Qb3 c5 6. a3 Ba5 7. Bg5 O-O 8. e3 d6
9. Be2 Nbd7 10. Bh4 Bb7 11. O-O Bxc3 12. Qxc3 Ne4 13. Qc2 g5 14. Bg3 f5 15. Nd2
cxd4 16. Nxe4 Bxe4 17. Bd3 Bxd3 18. Qxd3 f4 19. exf4 gxf4 20. Bxf4 e5 21. Bh6
Rf7 22. f4 Qf6 23. fxe5 Qxh6 24. Rxf7 Kxf7 25. Qf3+ Kg7 26. Qxa8 Qe3+ 27. Kh1
Nxe5 28. Rf1 1-0